000
00338nam a2200145Ia 4500
008
200103s9999||||xx |||||||||||||| ||und||
040
_a
IMU-MPC
082
_a
Column-10
100
_a
Admiralty
245
0
_a
Tide Tables
250
_a
Vol. 2
260
_b
Admirality Charts and Publications
_c
1995
300
_a
xxxvii, 460
942
_c
BK
999
_c
4446
_d
4446